Propuesta de mejoramiento habitacional por autoconstrucción en la urbanización (Marvin Marín)
Presenta propuesta de mejoramiento habitacional para la urbanización Marvin Marín de Managua, es una contribución concreta a la búsqueda de alternativa de estos pobladores, para mejorar sus condiciones de habitaciones y el entorno de sus viviendas. El esquema de plan maestro y la propuesta arqui...
| Main Author: | |
|---|---|
| Other Authors: | |
| Format: | Tesis Section = Libro |
| Language: | Undetermined Spanish |
| Published: |
Managua
UNI
1996
|
| Subjects: |
| LEADER | 01412nam a2200217Ia 4500 | ||
|---|---|---|---|
| 008 | 240830s9999 xx 000 0 und d | ||
| 040 | |a BIBLIOTECA-RUSB/ Mon 711 M827 | ||
| 041 | |a spa | ||
| 082 | |a Mon 711 M827 | ||
| 100 | 1 | |a Mora Cuadra, Verónica | |
| 245 | 1 | 0 | |a Propuesta de mejoramiento habitacional por autoconstrucción en la urbanización (Marvin Marín) |
| 260 | |a Managua |b UNI |c 1996 | ||
| 300 | |a 100 p. :il. | ||
| 502 | |a Tesis (Arquitecto) - UNI, 1996. | ||
| 520 | 3 | |a Presenta propuesta de mejoramiento habitacional para la urbanización Marvin Marín de Managua, es una contribución concreta a la búsqueda de alternativa de estos pobladores, para mejorar sus condiciones de habitaciones y el entorno de sus viviendas. El esquema de plan maestro y la propuesta arquitectónica, técnica financiera y organizativa para las viviendas seleccionadas como universo, marcan una pauta inicial para el desarrollo de propuesta más específica en el futuro. Identifica las características limitaciones y necesidades actuales que se desprenden de la experiencia de autogestión para el mejoramiento a nivel del barrio y de la práctica de autoconstrucción individual de viviendas en la urbanización Marvin Marín. | |
| 650 | 7 | |a URBANISMO (PLANIFICACION DEL ESPACIO) | |
| 650 | 7 | |b BARRIOS BAJOS | |
| 700 | 1 | |a Tutor: |b Morales Urbina, Israel | |
| 942 | |c BK |2 ddc | ||
| 991 | |a TESIS | ||
| 999 | |c 20842 | ||